Science Quiz

Random Science or Chemistry Quiz

Japanese Elements (Easier Than You Think) Quiz Stats

 Plays Quiz not verified by Sporcle

Score 0/33 Timer 06:00
0 Plays Today
Difficulty English % Correct
Easyargon
97.8%
Easyhelium
94.8%
Easybarium
92.2%
Easyaluminum
90%
Easynickel
89.6%
Easyplutonium
87.8%
Easytungsten
83.9%
Easycobalt
82.6%
Easyradium
75.7%
Mediumuranium
73%
Easyiridium
73%
Easycalcium
68.7%
Hardgold
60.9%
Mediumselenium
54.8%
Mediumchromium
53.5%
Mediumsodium
48.7%
Mediumniobium
48.7%
Difficulty English % Correct
Mediummolybdenum
48.7%
Hardiron
47.4%
Mediumtantalum
42.6%
Hardhydrogen
39.6%
Hardmercury
37.8%
Hardoxygen
36.1%
Mediumtellurium
35.7%
Hardplatinum
30.9%
Mediumpotassium
28.7%
Mediumtitanium
27%
Hardcarbon
27%
Hardlead
26.5%
Mediumlanthanum
21.3%
Hardchlorine
20.4%
Hardsilicon
13.5%
Hardzinc
13.5%

You're not logged in!

Compare scores with friends on all Sporcle quizzes.
OR
Log In

Sporcle TV

Today on Sporcle TV


Watch our educational content, quiz creation guides, and fun videos on Sporcle TV.

Show Comments

Extras

Top Quizzes Today


Score Distribution

Your Account Isn't Verified!

In order to create a playlist on Sporcle, you need to verify the email address you used during registration. Go to your Sporcle Settings to finish the process.

Report this User

Report this user for behavior that violates our Community Guidelines.

Details: